000 00617nam a2200217Ia 4500
003 OSt
005 20220925210558.0
006 a|||||r|||| 00| 0
007 ta
008 220923b |||||||| |||| 00| 0 eng d
037 _cGeneral Book
040 _aRTL
_cRTL
_beng
041 _2eng
_aeng
082 _aY:5.2sN61, K1.2-2
100 _aNIGAM R.C.
_9152547
245 0 _aCensus of India 1961
_b India language tables
260 _aIndia
_bIndia : Govt. Press
_c1961
300 _accxliv, 554p.
_ccm.
942 _hY:5.2sN61, K1.2-2
_cGB
_2CC
999 _c555490
_d555490